Research methods for business students / (Record no. 7431)
[ view plain ]
| 000 -LEADER | |
|---|---|
| fixed length control field | 01710cam a2200313 a 4500 |
| 001 - CONTROL NUMBER | |
| control field | 15573286 |
| 003 - CONTROL NUMBER IDENTIFIER | |
| control field | GZU |
| 005 - DATE AND TIME OF LATEST TRANSACTION | |
| control field | 20210510122058.0 |
| 008 - FIXED-LENGTH DATA ELEMENTS--GENERAL INFORMATION | |
| fixed length control field | 090102s2009 nyua b 001 0 eng |
| 010 ## - LIBRARY OF CONGRESS CONTROL NUMBER | |
| LC control number | 2008054877 |
| 020 ## - INTERNATIONAL STANDARD BOOK NUMBER | |
| International Standard Book Number | 9780273716860 (pbk. : alk. paper) |
| 040 ## - CATALOGING SOURCE | |
| Original cataloging agency | DLC |
| Transcribing agency | DLC |
| Modifying agency | DLC |
| 050 00 - LIBRARY OF CONGRESS CALL NUMBER | |
| Classification number | HD30.4 |
| Item number | .S28 2009 |
| 082 00 - DEWEY DECIMAL CLASSIFICATION NUMBER | |
| Classification number | 650.072 |
| Edition number | 22 |
| 100 1# - MAIN ENTRY--PERSONAL NAME | |
| Personal name | Saunders, M. N. K. |
| 245 10 - TITLE STATEMENT | |
| Title | Research methods for business students / |
| Statement of responsibility, etc. | Mark Saunders, Philip Lewis, Adrian Thornhill. |
| 250 ## - EDITION STATEMENT | |
| Edition statement | 5th ed. |
| 260 ## - PUBLICATION, DISTRIBUTION, ETC. | |
| Place of publication, distribution, etc. | New York : |
| Name of publisher, distributor, etc. | Prentice Hall, |
| Date of publication, distribution, etc. | c2009. |
| 300 ## - PHYSICAL DESCRIPTION | |
| Extent | xxi, 614 p. : |
| Other physical details | col. ill. ; |
| Dimensions | 27 cm. |
| 504 ## - BIBLIOGRAPHY, ETC. NOTE | |
| Bibliography, etc. note | Includes bibliographical references (p. 561-572) and index. |
| 505 0# - FORMATTED CONTENTS NOTE | |
| Formatted contents note | The nature of business and management research and structure of this book -- Formulating and clarifying the research topic -- Critically reviewing the literature -- Understanding research philosophies and approaches -- Formulating the research design -- Negotiating access and research ethics -- Selecting samples -- Using secondary data -- Collecting primary data through observation -- Collecting primary data using semi-structured, in-depth and group interviews -- Collecting primary data using questionnaires -- Analysing quantitative data -- Analysing qualitative data -- Writing and presenting your project report. |
| 650 #0 - SUBJECT ADDED ENTRY--TOPICAL TERM | |
| Topical term or geographic name entry element | Business |
| General subdivision | Research. |
| 650 #0 - SUBJECT ADDED ENTRY--TOPICAL TERM | |
| Topical term or geographic name entry element | Business |
| General subdivision | Research |
| -- | Data processing. |
| 700 1# - ADDED ENTRY--PERSONAL NAME | |
| Personal name | Lewis, Philip, |
| Dates associated with a name | 1945- |
| 700 1# - ADDED ENTRY--PERSONAL NAME | |
| Personal name | Thornhill, Adrian. |
| 906 ## - LOCAL DATA ELEMENT F, LDF (RLIN) | |
| a | 7 |
| b | cbc |
| c | orignew |
| d | 1 |
| e | ecip |
| f | 20 |
| g | y-gencatlg |
| 942 ## - ADDED ENTRY ELEMENTS (KOHA) | |
| Source of classification or shelving scheme | Library of Congress Classification |
| Koha item type | Books |
| Edition | 5th |
| Classification part | 30.4 |
| Item part | SAU |
| Call number prefix | HD |
| Call number suffix | 2009 |
| Withdrawn status | Lost status | Damaged status | Not for loan | Collection code | Home library | Current library | Shelving location | Date acquired | Total Checkouts | Full call number | Barcode | Date last seen | Copy number | Price effective from | Koha item type |
|---|---|---|---|---|---|---|---|---|---|---|---|---|---|---|---|
| Non-fiction | Mashava Campus Library | Mashava Campus Library | General Stacks | 05/10/2021 | HD 30.4 SAU 2009 | G21783 | 05/10/2021 | c.1 | 05/10/2021 | Books | |||||
| Non-fiction | Mashava Campus Library | Mashava Campus Library | General Stacks | 05/10/2021 | HD 30.4 SAU 2009 | G21779 | 05/10/2021 | c.2 | 05/10/2021 | Books | |||||
| Non-fiction | Mashava Campus Library | Mashava Campus Library | General Stacks | 05/10/2021 | HD 30.4 SAU 2009 | G21767 | 05/10/2021 | c.3 | 05/10/2021 | Books | |||||
| Non-fiction | Mashava Campus Library | Mashava Campus Library | General Stacks | 05/10/2021 | HD 30.4 SAU 2009 | B017169 | 05/10/2021 | c.4 | 05/10/2021 | Books |